000 00439nam a2200097Ia 4500
008 180130s9999 xx 000 0 und d
245 _cDolev, Shlomi; Gilboa, Niv; Kopeetsky, Marina
_aEfficient private multi-party computations of trust in the presence of curious and malicious users
260 _c2016
300 _aBook title: Trust management and information security--Acession number C20744; pages 240-260
650 _aINFORMATION SECURITY
999 _c354204
_d354204